| 000 | 00781nam a2200253Ia 4500 | ||
|---|---|---|---|
| 003 | OSt | ||
| 005 | 20250307095138.0 | ||
| 008 | 210716s2001 xx 000 0 und d | ||
| 020 | _a8178080176 | ||
| 040 | _cAIMIT LIBRARY | ||
| 041 | _aeng | ||
| 082 |
_a006.671 _21 _bHORC |
||
| 100 |
_aHorstmann, Cay S. _9204714 |
||
| 245 |
_aCore java 2 : _bfundamentals / _cBy Cay S Horstmann and Gary Cornell. |
||
| 250 | _a1st ed. | ||
| 260 |
_aNew Delhi : _bAddison Wesley Longman , _c2001. |
||
| 300 |
_axxvi,736p. ; _bPB _c24 cm |
||
| 500 | _aVolume-1 | ||
| 650 |
_aFundamental programming structures in java _9204715 |
||
| 650 |
_aObjects and classes _9204716 |
||
| 650 |
_aGraphics programming _9204717 |
||
| 700 |
_aCornell, Gary. _9204718 |
||
| 942 |
_2ddc _cBK _e1st _k006.671 HORC |
||
| 999 |
_c184254 _d184254 |
||